000 00682nam a22002177a 4500
005 20251108172100.0
008 250721s1985 xx 000 0 ara d
082 1 4 _a928.4/بيك
100 1 _aسكوت، ناثان
245 1 0 _aصمويل بيكيت /
250 _aط2
264 1 _aبغداد :
_bالمؤسسة العربية للدراسات و النشر،
_c1985.
300 _a172ص
490 0 _aسلسلة أعلام الفكر العالمي : المجموعة الأدبية
650 1 7 _aالتراجم
650 1 7 _aالأدباء
650 1 7 _aفرنسا
700 1 _aعبد المنعم، مجاهد
_eترجمة
942 _2ddc
_cBK
999 _c70028
_d70028